Supply chain perspectives and issues : a literature review.
| Main Author: | |
|---|---|
| Other Authors: | , |
| Format: | Book |
| Published: |
Geneva:
World Trade Organization (WTO) Publications,
2013.
|
| Subjects: |
| LEADER | 00559cam a2200181 7i4500 | ||
|---|---|---|---|
| 001 | 0000030366 | ||
| 005 | 20131011090000.0 | ||
| 020 | 0 | 0 | |a 9789287038937 |
| 090 | 0 | 0 | |a I 658.7 |b PAR |
| 100 | 1 | 0 | |a Park |
| 245 | 1 | 0 | |a Supply chain perspectives and issues : |b a literature review. |
| 260 | 0 | 0 | |a Geneva: |b World Trade Organization (WTO) Publications, |c 2013. |
| 300 | # | # | |a 232 p. |
| 650 | 0 | 0 | |a Business logistics |
| 650 | 0 | 0 | |a Materials management |
| 700 | 1 | 0 | |a Nayyar, |h Gaurav |
| 700 | 1 | 0 | |a Low, |h Patrick |
| 999 | |a 0000033294 |b Book |c International |e Business Information Centre | ||


